000 00914cam a2200313 a 4500
001 19594
003 BD-RjUL
005 20211209000443.0
008 140225s1969 enkh b 000 0 eng
020 _a0192810456
035 _a(BD-RjUL)19654
035 _a1027789
040 _aLC
_beng
_cLC
_dVMOU
_dBD-RjUL
041 _aeng
082 0 4 _a822.508
_bTAE 1969
245 1 0 _aEighteenth century comedy /
_cselected and introduced by W. D. Taylor.
250 _a[New ed.]
260 _aLondon;
_aNew York :
_bOxford U.P.,
_c1969.
300 _axii, 370 p. :
_b5 facsims. ;
_c21 cm.
490 0 _aOxford paperbacks, 181
504 _aBibliography: p. [369]-370.
650 0 _aEnglish drama (Comedy)
_960194
650 0 _aEnglish drama
_y18th century.
_960195
700 1 _aTrussler, Simon.
_950547
700 1 _aTaylor, W. D.
_957700
942 _2ddc
_cBK
999 _c19594
_d19594